| 000 | 01256pam a2200301 i 4500 | ||
|---|---|---|---|
| 942 | _cBK | ||
| 999 |
_c461 _d461 |
||
| 001 | 18681533 | ||
| 003 | OSt | ||
| 005 | 20250420134811.0 | ||
| 008 | 150630s2013 ilua 001 0 eng | ||
| 010 | _a 2015304864 | ||
| 020 | _a9781577667834 (hbk) | ||
| 020 | _a1577667832 (hbk) | ||
| 040 |
_aDLC _beng _erda _cDLC |
||
| 042 | _apcc | ||
| 050 | 0 | 0 |
_aQC665.E4 _bI84 2013 |
| 082 | 0 | 0 |
_a530.141 _223 |
| 100 |
_aIskander, Magdy F. _95175 |
||
| 245 | 1 | 0 |
_aElectromagnetic fields and waves / _cMagdy F. Iskander, University of Hawaii at Manoa. |
| 250 | _aSecond edition. | ||
| 260 |
_aLong Grove, Illinois : _bWaveland Press, Inc. _c2013. |
||
| 300 |
_axxi, 906 pages : _billustrations ; _c25 cm |
||
| 500 | _aIncludes index. | ||
| 505 | 0 | _aVector analysis and Maxwell's equations in integral form -- Maxwell's equations in differential form -- Maxwell's equations and plane wave propagation in materials -- Static electric and magnetic fields -- Normal incidence plane wave reflection and transmission at plane boundaries -- Oblique incidence plane wave reflection and transmission -- Transmission lines -- Waveguides -- Antennas. | |
| 650 | 0 |
_aElectromagnetic fields. _94585 |
|
| 650 | 0 |
_aElectromagnetic waves. _94586 |
|
| 942 | _2ddc | ||